The radiologic clinics of North America : (Registro nro. 21768)

Detalles MARC
000 -Cabecera
Campo de control interno 00847nam a2200241Ia 4500
005 - Fecha y hora del registro
control field 20260320113311.0
008 - Elementos de Longitud Fija
fixed length control field 260320s9999||||xx |||||||||||||| ||und||
041 ## - Idioma
Codigo Idioma Inglés
082 ## - DEWEY y NOTACIÓN INTERNA
Dewey 616.0757
Notación Interna M41
100 ## - AUTOR
Autor denominación Mellins, Harry Z.,
Término de relación editor
245 #4 - TÍTULO DE MATERIAL BIBLIOGRÁFICO
Título The radiologic clinics of North America :
Título paralelo symposium on radiologic diagnosis of acute abdominal disease
246 ## - TÍTULO TRADUCIDO
Título
Título paralelo
Autor
260 ## - CIUDAD, EDITORIAL, AÑO
Ciudad Philadelphia :
Nombre de la Editorial W. B. Saunders Company,
Año 1964
300 ## - DESCRIPCIÓN
N° Páginas viii, 188 páginas :
Otros detalles figuras ;
Dimensiones 26 cm.
Material Adicional
440 ## - MENCIÓN DE SERIE
Título de la Serie
Número de Serie (número 1 ;
Volumen de Serie volumen 2)
650 ## - TEMAS
Temas Tecnología (Ciencias Aplicadas)
653 ## - DESCRIPTORES
Lenguajes no controlado Medicina; Diagnóstico radiológico; Idioma : Inglés
654 ## - PROGRAMAS
Programa Dpto. de Ciencias de la Salud
700 ## - OTROS AUTORES
Otros autores
Títulos y otras palabras asociadas con el nombre
856 ## - URL - UBICACIÓN
URI/URL: Enlace exacto del recurso <a href="https://accessmedicina-mhmedical-com.ucsp.lookproxy.com/">https://accessmedicina-mhmedical-com.ucsp.lookproxy.com/</a>
Nota pública: Versión digital <a href="Véase además: Base de datos McGraw Hill Access Medicina">Véase además: Base de datos McGraw Hill Access Medicina</a>
942 ## - ELEMENTOS DE KOHA
Tipo de documento Libro
Nombre del creador Justo Noguera
Código de catalogador Tania Ramirez
Esquema de clasificación Dewey Decimal Classification
Suppress in OPAC
Existencias
Codigo completo Registro Colección Copia número Disponibilidad Tipo de préstamo Biblioteca Actual Procedencia (Biblioteca) Ubicacón Fecha Ingreso Tipo de Adquisición Date last seen Total checkouts Price effective from Tipo de Item Estado del Material Fuente de Clasificación Damaged status Withdrawn status
616.0757 M41 1085325 Universidad Católica San Pablo 1 Disponible Disponible Víctor Andrés Belaunde Víctor Andrés Belaunde Planta baja abierta 07/04/2026 Donación 07/04/2026   07/04/2026 Libro Bueno Dewey Decimal Classification